Basics of Research Methodology (Record no. 21367)

MARC details
000 -LEADER
fixed length control field 00338nam a22001337a 4500
020 ## - INTERNATIONAL STANDARD BOOK NUMBER
ISBN 9789383305438
082 ## - DEWEY DECIMAL CLASSIFICATION NUMBER
Classification number 001.42 IMA
100 ## - MAIN ENTRY--AUTHOR NAME
Author name Imam, Dr. Ekwal
245 ## - TITLE STATEMENT
Title Basics of Research Methodology
260 ## - PUBLICATION, DISTRIBUTION, ETC. (IMPRINT)
Place of publication New Delhi
Name of publisher New India Publishing Agency
Year of publication 2015
300 ## - PHYSICAL DESCRIPTION
Number of Pages 179
650 ## - SUBJECT ADDED ENTRY--TOPICAL TERM
Topical Term Research Methodology-Sociology
942 ## - ADDED ENTRY ELEMENTS (KOHA)
Koha item type Books
Holdings
Home library Current library Shelving location Date acquired Source of acquisition Cost, normal purchase price Full call number Accession Number Koha item type
Henry Martyn Institute Library Henry Martyn Institute Library General stacks 08/21/2018 Kohinoor Book Distributors 1250.00 001.42 IMA 25519 Books
                   Copyright © 2026 | Henry Martyn Institute | Hyderabad | TS-500052 | INDIA | Implemented by hmi.edu.in
Hit-Count:

Powered by Koha